Представление документа в формате RUSMARC

ПолеНазваниеЗначение
  Тип записи a
  Библиографический уровень m
001 Контрольный номер RU/IS/BASE/379510561
005 Дата корректировки 20201206204527.0
010 Индекс ISBN __
a ISBN 978-5-9584-0135-2 (В пер.)
d Цена 191-36
100 Данные общей обработки __
a Данные общей обработки 19070404d2007 |||y1rusy0189 ca
101 Язык документа __
a Язык текста rus
c Язык оригинала ger
102 Страна публикации __
a Страна публикации ru
105 Кодированные данные (монография) __
a Кодированные данные (монография) y zzzz000zy
200 Заглавие и сведения об ответственности 0_
a Заглавие Экологическое право Европейского Союза
f Первые сведения об ответственности Людвиг Кремер, Герд Винтер ; отв. ред. О. Л. Дубовик ; [пер. с нем. О. Алексеенко и др.] ; Ин-т государства и права рос. акад. наук
b Общее обозначение материала Текст
210 Выходные данные __
a Место издания М.
c Издательство Городец
d Дата издания 2007
215 Физическое описание __
a Объем 143 с.
320 Библиография __
a Библиография Библиогр. в прил.
330 Аннотация __
a Аннотация Основные проблемы европейского экологического права: его связи с экологической и другими видами политики (внешнеторговой, экономической и др.). Также рассматриваются используемые в современной правовой практике инструменты - налогообложение, запреты, ограничения, система особых требований при обращении с химическими веществами, отходами генно-модифицированными продуктами и др.
601 Наименование организации как предмет __
a Наименование организации как предмет ЕС
601 Наименование организации как предмет __
a Наименование организации как предмет Европейский Союз
606 Тематические рубрики __
a Основная рубрика Право
y Географическая подрубрика Европа
606 Тематические рубрики __
a Основная рубрика Международное публичное право
610 Ключевые слова __
a Ключевые слова экологическое право; международные организации; международное экологическое право; европейская политика; экологическая политика; правовая защита; правовое регулирование; экологические нормы; экологическая ответственность; охрана природы; природоохранная деятельность; природоохранное законодательство; охрана климата; охрана озонового слоя; правовое обеспечение; управление отходами; промышленные предприятия; выбросы транспорта; эмиссия транспорта; нормативная документация; судебная практика
686 Индексы других классификаций __
a Классификационный индекс 67.91
700 Автор _1
a Фамилия Кремер
b Имя Л.
g Полное личное имя Людвиг
4 Код отношения 070
702 Вторичная интеллектуальная ответственность _1
a Фамилия Герд
b Имя В.
4 Код отношения Автор
g Полное личное имя Винтер
4 Код отношения 070
702 Вторичная интеллектуальная ответственность _1
a Фамилия Алексеенко
b Имя О.
4 Код отношения Переводчик
4 Код отношения 730
702 Вторичная интеллектуальная ответственность _1
a Фамилия Вуколова
b Имя Т.
4 Код отношения Переводчик
4 Код отношения 730
702 Вторичная интеллектуальная ответственность _1
a Фамилия Глускина
b Имя О.
4 Код отношения Переводчик
4 Код отношения 730
702 Вторичная интеллектуальная ответственность _1
a Фамилия Дубовик
b Имя О.
4 Код отношения Переводчик
4 Код отношения 730
801 Источник записи _0
a Страна ru
b Организация Муниципальное бюджетное учреждение культуры "Централизованная библиотечная система" г. Сургут (Центральная городская библиотека им. А. С. Пушкина)
c Дата составления 20070404
g Правила каталогизации КиК/Поспелова
801 Источник записи _1
a Страна ru
b Организация Муниципальное бюджетное учреждение культуры "Централизованная библиотечная система" г. Сургут (Центральная городская библиотека им. А. С. Пушкина)
c Дата составления 20070404
g Правила каталогизации КиК/Поспелова
852 Данные о местонахождении __
j Шифр хранения 67.91
i Авторский знак К 79
901 Тип документа __
t Тип документа m
903 Характеристики (МАРС) __
a Дата передачи 20070831
990 Данные о заказе (DOS) __
j Количество экземпляров (DOS) 2
t N записи в КСУ для И/У (DOS) 200709